4 Pics 1 Word Game - Countries - Statistics

General Stats
  • This quiz has been taken 201 times
  • The average score is 14 of 16
Answer Stats
Words Country % Correct
Sushi Japan
99%
Pyramids Egypt
98%
Croissant France
98%
Eagle United States
98%
Syrup Canada
92%
Dragon China
91%
Pizza Italy
91%
Kangaroo Australia
90%
Cobra India
90%
Sombrero Mexico
90%
Spain
85%
Rainforest Brazil
83%
Vodka Russia
83%
Royal United Kingdom
83%
Islands Greece
82%
South Africa
71%
No matching quizzes found
Score Distribution
Percent of People with Each Score
Percentile by Number Answered
Your Score History
You have not taken this quiz